000 00364nam a22001457a 4500
999 _c253004
_d253003
003 OSt
005 20230324145620.0
008 160317b xxu||||| |||| 00| 0 eng d
020 _a0138202672
040 _cN/A
100 _aMarco Allen
245 _aSoftware engineering
_bconcepts and management
260 _aNew York
_bPrentice Hall
_c1990
942 _2lcc
_cBK